Statistics for 2018 World Cup Teams by Population

Click here to take the quiz!

General Stats

  • This quiz has been taken 1,362 times
  • The average score is 16 of 32

Answer Stats

ConfederationPopulationTeam% Correct
CONMEBOL208,333,000Brazil
97%
UEFA146,837,301Russia
83%
CAF193,392,500Nigeria
75%
UEFA82,800,000Germany
74%
CONCACAF123,675,351Mexico
72%
UEFA67,182,000France
70%
AFC126,670,000Japan
70%
UEFA55,268,100England
68%
CAF96,131,500Egypt
63%
CONMEBOL44,044,811Argentina
61%
UEFA46,528,966Spain
61%
CONMEBOL49,518,900Colombia
60%
UEFA346,750Iceland
55%
AFC81,003,900IR Iran
54%
AFC51,446,201Korea Republic
53%
CONMEBOL31,826,018Peru
48%
UEFA38,426,000Poland
48%
CONMEBOL3,493,205Uruguay
42%
CAF34,508,400Morocco
41%
CONCACAF4,098,135Panama
41%
AFC32,612,641Saudi Arabia
39%
AFC24,733,100Australia
36%
UEFA11,377,902Belgium
36%
CONCACAF4,947,490Costa Rica
36%
CAF15,256,346Senegal
36%
UEFA10,309,573Portugal
35%
UEFA4,154,213Croatia
34%
UEFA10,093,734Sweden
32%
CAF11,304,482Tunisia
31%
UEFA7,058,322Serbia
29%
UEFA8,448,585Switzerland
29%
UEFA5,778,570Denmark
28%

Score Distribution

Percentile by Number Answered

Percent of People with Each Score

Your Score History

You have not taken this quiz